000 00353 a2200157 4500
001 48080
020 _a9788520003992
040 _cAnchieta - Aquarius
100 _aMachado, Ana Maria
240 1 0 _aGente bem diferente
_lpor
245 1 0 _aGente bem diferente
300 _a36
362 0 _a3.ed
650 4 _aLiteratura infanto-juvenil
942 _cBK
999 _c48080
_d48080